000 00425nam a2200169Ia 4500
008 180921t2016 xxu||||| |||| 00| 0 sin d
041 _asin
080 _aX Kanda
_bada
100 _aRanasinghe,Sumith
245 _aකන්දබඩ පත්තුව
246 _aKandabada Pattuwa
260 _bGodage
_aColombo
_c2016
300 _b227p, 29cm
942 _cBK
999 _c160
_d160
003 LK-CoDNM
040 _aLK-CoDNM
_dLK-CoDNM
_eLK-CoDNM